00655nam a2200193 i 4500003000900000005001700009007000300026008004100029040003000070082002900100100005900129245004800188264005900236300002800295336002700323337003300350338002800383651005000411DO-SdBNP20250621074009.0ta201117b1947 dr dr | 00| 0 spaspa d aDO-SdBNPbspacBNPHUerda 4a972.93053bO83i 19472221 aOsorio Lizarazo, J. A., q (José Antonio)d1900-196413aLa isla iluminada /cJ. A. Osorio Lizarazo. aSantiago, República Dominicana :bEl Diario,c1947. a265 páginas :c21 cm. 2rdacontentatextobtxt 2rdamediaasin mediaciónbn 2rdacarrieravolumenbnc 0aRepública DominicanaxPolítica y gobierno